drop dead (Lyrics)- Olivia Rodrigo - Statistics

General Stats
  • This quiz has been taken 562 times
  • The average score is 339 of 394
Answer Stats
Answer % Correct
a
99%
I
99%
the
99%
The
99%
you
99%
You
99%
an
98%
And
98%
and
98%
in
97%
Like
97%
like
97%
on
97%
dead
96%
drop
96%
me
96%
might
96%
of
96%
kiss
95%
Kiss
95%
to
95%
bed
94%
he
94%
internet
94%
night
94%
that
94%
was
94%
angel
93%
intuition
93%
it
93%
stalked
93%
all
92%
All
92%
bored
92%
It's
92%
know
92%
one
92%
One
92%
always
91%
feminine
91%
"Just
91%
just
91%
this
91%
walls
91%
had
90%
standin'
90%
us
90%
vision
90%
bar
89%
'Cause
89%
11
88%
at
88%
closes
88%
Versailles
88%
bathroom
87%
been
87%
beer
87%
ever
87%
up
87%
But
86%
finish
86%
Heaven"
86%
I've
86%
lookin'
86%
never
86%
standing
86%
we
86%
words
86%
hope
85%
go
84%
most
84%
Oh
84%
have
83%
if
82%
If
82%
line
82%
right
82%
alive
81%
then
81%
alive
80%
here
79%
pressed
79%
real
79%
you're
79%
You're
79%
France?
76%
Gemini
76%
think
76%
Japan?
75%
so
75%
feel
74%
wrote
74%
why
73%
Pisces
72%
throw
72%
them
71%
Eurostar
70%
gut
70%
Now
70%
really
70%
together
70%
Or
69%
punch
69%
let
68%
stay
68%
boy
67%
I'd
67%
nice
67%
pretty
67%
I'm
66%
Left
66%
forever
65%
taken
65%
love
64%
made
64%
got
62%
gum
62%
paranoid
62%
chewing
61%
make
61%
out
61%
slow
60%
stuff
60%
bunch
59%
hook
59%
my
59%
home
57%
could
55%
hand
55%
tell
54%
world
54%
damn
52%
walked
52%
Well
52%
whole
51%
held
50%
hints
49%
how
49%
Let's
49%
let's
49%
can
48%
Clothes
48%
goddamn
48%
droppin'
47%
off
47%
steady
47%
Yeah
47%
fall
46%
ground
46%
makeout
43%
maybe
41%
promised
40%
No matching quizzes found
Score Distribution
Percent of People with Each Score
Percentile by Number Answered
Your Score History
You have not taken this quiz